| 000 | 00532pab a2200169 454500 | ||
|---|---|---|---|
| 008 | 180718b2017 xxu||||| |||| 00| 0 eng d | ||
| 100 | _aLiu, Julie Yu-Chih | ||
| 245 | _aInfluence of project partnering on stakeholder role ambiguity and project manager risk perception in information system projects | ||
| 260 | _c2017 | ||
| 300 | _ap.94-110. | ||
| 362 | _aDec-Jan | ||
| 650 | _aRisk management | ||
| 650 | _aProject management | ||
| 700 | _aChiu, Golden Chin-Tien | ||
| 773 | _aProject Management Journal | ||
| 909 | _a113496 | ||
| 999 |
_c113491 _d113491 |
||